| 000 | 01710nam a2200337 c 4500 | ||
|---|---|---|---|
| 999 |
_c436633 _d436633 |
||
| 003 | BLK | ||
| 005 | 20250726125538.0 | ||
| 008 | 180411b bul|||||r ||||||| ||bul|| | ||
| 010 | _aKNG00198435000 | ||
| 020 | _a9786191516322 | ||
| 040 | _aBLK | ||
| 041 |
_aBUL _cBUL |
||
| 072 | 7 |
_2bullib _aН86 _xДетска отраслова литература Н |
|
| 080 |
_b568.1 _z568.1 |
||
| 080 |
_b087.5 _z087.5:598.192 _aИздания за деца и юноши. Книжки-картинки. Читанки. Вж и 372.4 |
||
| 100 | 1 |
_aКюнцел, Каролин _eпърви автор _9384723 |
|
| 139 |
_aКюнцел, Каролин _bК 99 |
||
| 245 | 1 | 0 |
_aСветът на динозаврите _bПътуване назад към ерата на древните гиганти : Детска енциклопедия _cКаролин Кюнцел, Франко Темпеста; прев. Виктория Иванова. |
| 257 | _aDEU | ||
| 260 |
_aСофия _bСофтПрес _c2020 |
||
| 300 |
_a96 с. _bс цв. ил. _c29 см |
||
| 380 | _aDN | ||
| 500 | _aОриг. загл.: Verborgene Welt der Dinosaurier / Karolin Küntzel Загл. в изд. каре: Детска енциклопедия: светът на динозаврите. - Речник: с. 96. - Азб. показалец | ||
| 650 | 7 |
_aДинозаври _9153483 |
|
| 653 | _aдетска литература | ||
| 700 | 1 |
_aИванова, Виктория Иванчева _eпрев. от англ. _971296 |
|
| 700 | 1 |
_aТемпеста, Франко _eил. _9128286 |
|
| 852 | _aЦб II 30939 | ||
| 942 |
_cKNG _n0 _s1 _038 |
||
| 944 |
_aCR _c2022-05-13 _lМоника Янева _k30570 |
||